[Event "III C.to Europeo seniores"]
[Site "Saint Vincent - Chatillon ITA"]
[Date "2003.09.19"]
[Round "3"]
[White "Etmans, Maarten D."]
[Black "Asmundsson, Ingvar"]
[Result "1/2-1/2"]
[WhiteElo "2221"]
[BlackElo "2321"]
[PlyCount "29"]
[EventDate "2003.09.17"]

1. e4 c5 2. Nf3 e6 3. b3 b6 4. Bb2 Bb7 5. Nc3 Nc6 6. g3 Nd4 7. Bg2 d6 8. O-O
Nf6 9. d3 Be7 10. Nxd4 cxd4 11. Ne2 e5 12. c3 dxc3 13. Nxc3 O-O 14. d4 Re8 15.
Rc1 1/2-1/2

[Event "III C.to Europeo seniores"]
[Site "Saint Vincent - Chatillon ITA"]
[Date "2003.09.19"]
[Round "3"]
[White "Gruzmann, Boris"]
[Black "Zunker, Reinhard"]
[Result "1-0"]
[WhiteElo "2316"]
[BlackElo "2199"]
[PlyCount "123"]
[EventDate "2003.09.17"]

1. e4 c5 2. Nf3 Nc6 3. d4 cxd4 4. Nxd4 e5 5. Nb5 a6 6. Nd6+ Bxd6 7. Qxd6 Qf6 8.
Qd1 Qg6 9. Nc3 Nge7 10. h4 h5 11. Bg5 d5 12. exd5 Nb4 13. Rc1 Bf5 14. d6 f6 15.
dxe7 fxg5 16. Qf3 Rb8 17. Qe3 gxh4 18. Qxe5 Rc8 19. Rxh4 Nc6 20. Qe3 Rc7 21.
Nd5 Rd7 22. c4 Nb4 23. Rd4 Nc6 24. Rd2 Be4 25. Bd3 Bxd3 26. Qxd3 Qxd3 27. Rxd3
Nxe7 28. Rcd1 Nxd5 29. Rxd5 Re7+ 30. Kf1 Rh6 31. Rd6 Rxd6 32. Rxd6 Re4 33. b3
Re5 34. Rd2 Rg5 35. g3 b5 36. cxb5 axb5 37. Ke2 Re5+ 38. Kd1 Rc5 39. Rd4 Ke7
40. Kd2 g5 41. a4 bxa4 42. bxa4 Kf6 43. Rb4 Rc7 44. a5 Kf5 45. Ra4 Ra7 46. Ke2
Ra6 47. Kf3 Ke5 48. Ke3 Kf5 49. Kd3 Rd6+ 50. Kc4 Rd2 51. a6 Rxf2 52. a7 Rc2+
53. Kd4 Rc8 54. a8=Q Rxa8 55. Rxa8 Kg4 56. Rg8 Kxg3 57. Rxg5+ Kh4 58. Rg8 Kh3
59. Ke3 h4 60. Kf2 Kh2 61. Rg4 h3 62. Rg3 1-0

[Event "III C.to Europeo seniores"]
[Site "Saint Vincent - Chatillon ITA"]
[Date "2003.09.19"]
[Round "3"]
[White "Jakobsen, Ole"]
[Black "MacDonald-Ross, Michael"]
[Result "1-0"]
[WhiteElo "2381"]
[BlackElo "2216"]
[PlyCount "73"]
[EventDate "2003.09.17"]

1. d4 d5 2. Nf3 Nf6 3. c4 e6 4. Nc3 Be7 5. Bg5 h6 6. Bh4 O-O 7. e3 b6 8. Be2
Bb7 9. Bxf6 Bxf6 10. cxd5 exd5 11. b4 c6 12. O-O a5 13. b5 c5 14. Ne5 Bxe5 15.
dxe5 d4 16. exd4 cxd4 17. Na4 Ra7 18. f4 Qd5 19. Rf2 Nd7 20. Rc1 Ba8 21. Rc4 d3
22. Bxd3 Nc5 23. Nxc5 bxc5 24. Qc2 Rd7 25. Be4 Qe6 26. Bxa8 Rxa8 27. Rxc5 Rad8
28. Rc8 Rd1+ 29. Qxd1 Qxc8 30. Qc2 Qd7 31. a4 Qd4 32. h3 Qb4 33. Kh2 h5 34. Qc7
Rf8 35. b6 Qxa4 36. b7 Qb4 37. f5 1-0

[Event "III C.to Europeo seniores"]
[Site "Saint Vincent - Chatillon ITA"]
[Date "2003.09.19"]
[Round "3"]
[White "Joksic, Sinisa"]
[Black "Hecht, Hans-Joachim"]
[Result "0-1"]
[WhiteElo "2253"]
[BlackElo "2404"]
[PlyCount "92"]
[EventDate "2003.09.17"]

1. c4 Nf6 2. Nf3 e6 3. Nc3 Bb4 4. g3 O-O 5. Bg2 d5 6. Qb3 c5 7. cxd5 exd5 8. d4
Nc6 9. O-O cxd4 10. Nb5 Qb6 11. Bf4 Qxb5 12. a3 d3 13. exd3 Bf5 14. Rfd1 Bg4
15. d4 Bxf3 16. Bxf3 Qb6 17. axb4 Nxd4 18. Qd3 Nxf3+ 19. Qxf3 Rfe8 20. Qa3 a6
21. Be3 Qe6 22. Bd4 Ne4 23. b5 h5 24. Qf3 Qh3 25. bxa6 Rxa6 26. Rxa6 bxa6 27.
Be3 Nf6 28. Qg2 Qf5 29. h3 Ne4 30. h4 Re6 31. Bf4 Rc6 32. f3 Nd6 33. Qe2 Rc2
34. Qd3 Qxd3 35. Rxd3 Nb5 36. Rxd5 Rxb2 37. Rxh5 a5 38. Be5 Rb1+ 39. Kf2 f6 40.
Bf4 a4 41. Rc5 a3 42. Rc8+ Kf7 43. Ra8 Rb2+ 44. Ke3 Rb3+ 45. Ke4 a2 46. Bd2 Na3
0-1

[Event "III C.to Europeo seniores"]
[Site "Saint Vincent - Chatillon ITA"]
[Date "2003.09.19"]
[Round "3"]
[White "Kaminik, Aleksandar"]
[Black "Chernikov, Oleg L."]
[Result "0-1"]
[WhiteElo "2273"]
[BlackElo "2455"]
[PlyCount "92"]
[EventDate "2003.09.17"]

1. d4 d5 2. c4 e6 3. Nc3 c6 4. e3 f5 5. Bd3 Nf6 6. Nge2 Be7 7. f3 O-O 8. O-O c5
9. b3 Nc6 10. Bb2 cxd4 11. exd4 b6 12. Re1 Bd6 13. Qd2 Qc7 14. g3 a6 15. Rac1
dxc4 16. bxc4 Nb4 17. Na4 Qc6 18. Nxb6 Bb7 19. Rf1 Nxd3 20. Qxd3 Qxb6 21. c5
Qxb2 22. Rb1 Qxa2 23. Rxb7 Qd5 24. Qb3 Rfb8 25. Rxb8+ Bxb8 26. Qe3 Bc7 27. Nc3
Qc6 28. Re1 Ba5 29. Rb1 Rd8 30. Ne2 Bc7 31. Nf4 Bxf4 32. Qxf4 h6 33. Rb6 Qd5
34. Rxa6 Qxd4+ 35. Qxd4 Rxd4 36. Rxe6 Rc4 37. Re5 g6 38. Re6 Kf7 39. Rc6 Rc2
40. Rc7+ Ke6 41. c6 Nd5 42. Rh7 h5 43. Rg7 Ne7 44. g4 hxg4 45. fxg4 fxg4 46.
Rh7 Nxc6 0-1

[Event "III C.to Europeo seniores"]
[Site "Saint Vincent - Chatillon ITA"]
[Date "2003.09.19"]
[Round "3"]
[White "Khanukov, Boris"]
[Black "Bautista Sanchez, Joan"]
[Result "1-0"]
[WhiteElo "2330"]
[BlackElo "2227"]
[PlyCount "67"]
[EventDate "2003.09.17"]

1. d4 d5 2. c4 e6 3. Nc3 Nf6 4. Bg5 Be7 5. e3 O-O 6. Nf3 h6 7. Bh4 b6 8. cxd5
Nxd5 9. Bxe7 Qxe7 10. Nxd5 exd5 11. Rc1 Be6 12. Qa4 c5 13. dxc5 bxc5 14. Qa3
Rc8 15. Be2 a5 16. O-O Qa7 17. Ne5 Nc6 18. Nxc6 Rxc6 19. Bf3 Rc7 20. Rfd1 Rd8
21. Qc3 Rcc8 22. Qe5 d4 23. exd4 cxd4 24. Rxc8 Rxc8 25. Rxd4 Bxa2 26. h4 Be6
27. h5 Qb6 28. Be4 Rc5 29. Qxc5 Qxc5 30. Rd8+ Qf8 31. Bh7+ Kxh7 32. Rxf8 a4 33.
Ra8 Bb3 34. Ra6 1-0

[Event "III C.to Europeo seniores"]
[Site "Saint Vincent - Chatillon ITA"]
[Date "2003.09.19"]
[Round "3"]
[White "Klundt, Klaus"]
[Black "Wagman, Stuart"]
[Result "1-0"]
[WhiteElo "2359"]
[BlackElo "2150"]
[PlyCount "83"]
[EventDate "2003.09.17"]

1. e4 c5 2. Nf3 d6 3. d4 cxd4 4. Nxd4 Nf6 5. Nc3 Nc6 6. Bc4 Bd7 7. O-O g6 8. h3
Bg7 9. Be3 O-O 10. Bb3 a5 11. a4 Nxd4 12. Bxd4 Bc6 13. Qd3 Nd7 14. Rad1 Bxd4
15. Qxd4 Qb6 16. Nd5 Bxd5 17. Qxb6 Nxb6 18. Bxd5 Rac8 19. c3 Rc7 20. f3 Rfc8
21. Kf2 Kf8 22. h4 e6 23. Bb3 Ke7 24. Rd4 Nc4 25. Bxc4 Rxc4 26. Rxc4 Rxc4 27.
Ke3 d5 28. Kd3 f5 29. exd5 exd5 30. g3 Kd6 31. b3 Rc7 32. h5 gxh5 33. Rh1 Rg7
34. Rxh5 Rxg3 35. Rxf5 Ke6 36. Rf8 h5 37. Ke3 Rg7 38. Rh8 Rc7 39. Kd4 Rf7 40.
Rh6+ Ke7 41. Rxh5 Rxf3 42. Re5+ 1-0

[Event "III C.to Europeo seniores"]
[Site "Saint Vincent - Chatillon ITA"]
[Date "2003.09.19"]
[Round "3"]
[White "Littlewood, John Eric"]
[Black "Kozarcanin, Sead"]
[Result "1-0"]
[WhiteElo "2311"]
[BlackElo "2191"]
[PlyCount "73"]
[EventDate "2003.09.17"]

1. e4 e5 2. Nf3 Nc6 3. Bb5 g6 4. d4 exd4 5. Bg5 Be7 6. Bxe7 Ngxe7 7. Nxd4 d5 8.
Nc3 a6 9. Nxc6 bxc6 10. Nxd5 O-O 11. Nxe7+ Qxe7 12. Bxc6 Rb8 13. Qd4 Rb4 14.
Qc3 Rxe4+ 15. Bxe4 Qxe4+ 16. Qe3 Qxc2 17. b3 Qc6 18. O-O Bb7 19. Qg3 Rc8 20.
Rac1 Qb6 21. Rfd1 c5 22. h4 h5 23. Rd6 Qa5 24. Rcd1 Re8 25. Kh2 Re4 26. Rxg6+
fxg6 27. Qxg6+ Kf8 28. Qf5+ Kg8 29. Qg5+ Kf7 30. Qxh5+ Ke6 31. Qg6+ Ke5 32.
Qg7+ Ke6 33. Qd7+ Ke5 34. Qxb7 Rxh4+ 35. Kg3 Rd4 36. Re1+ Kd6 37. Qe7+ 1-0

[Event "III C.to Europeo seniores"]
[Site "Saint Vincent - Chatillon ITA"]
[Date "2003.09.19"]
[Round "3"]
[White "Orev, Petar"]
[Black "Tatai, Stefano"]
[Result "0-1"]
[WhiteElo "2242"]
[BlackElo "2343"]
[PlyCount "60"]
[EventDate "2003.09.17"]

1. e4 c5 2. c4 Nc6 3. Ne2 Nf6 4. Nbc3 e6 5. d4 cxd4 6. Nxd4 Bb4 7. Nxc6 bxc6 8.
Bd2 e5 9. Bd3 O-O 10. O-O Be7 11. Qe2 d6 12. Rfd1 Ne8 13. b4 Nc7 14. b5 Bb7 15.
bxc6 Bxc6 16. Nd5 Ne6 17. Bc3 Rc8 18. Qb2 Qd7 19. Bc2 Bxd5 20. cxd5 Nf4 21. Bd3
Qg4 22. f3 Qg5 23. g3 Nxd3 24. Rxd3 f5 25. Re1 Bd8 26. Kg2 Bb6 27. h4 Qg6 28.
exf5 Rxf5 29. Qb4 Rf4 30. Qb5 Rfc4 0-1

[Event "III C.to Europeo seniores"]
[Site "Saint Vincent - Chatillon ITA"]
[Date "2003.09.19"]
[Round "3"]
[White "Rahls, Peter"]
[Black "Murey, Jacob I."]
[Result "0-1"]
[WhiteElo "2300"]
[BlackElo "2459"]
[PlyCount "114"]
[EventDate "2003.09.17"]

1. e4 c5 2. c3 b6 3. d4 Bb7 4. d5 Nf6 5. Bd3 c4 6. Bxc4 Nxe4 7. Nf3 g6 8. O-O
Bg7 9. Re1 Nd6 10. Bb3 O-O 11. Bf4 Na6 12. Na3 Nc5 13. Bc2 Ba6 14. Qd2 Rc8 15.
Bh6 Re8 16. Bxg7 Kxg7 17. Rad1 Ncb7 18. Ne5 f6 19. Ng4 Nf7 20. Bd3 Bxd3 21.
Qxd3 Nbd6 22. Ne3 Qc7 23. Nb5 Qc5 24. Nxd6 exd6 25. Qa6 Ne5 26. h3 b5 27. b4
Qxc3 28. Qxd6 Qc7 29. Qxc7 Rxc7 30. f4 Nf7 31. Nf5+ Kf8 32. Rxe8+ Kxe8 33. Ne3
Nd6 34. Rd3 Ne4 35. Rd4 Rc1+ 36. Kh2 f5 37. g4 Rc3 38. Ng2 Ra3 39. gxf5 gxf5
40. d6 Rxa2 41. Rd5 a6 42. Rxf5 Nxd6 43. Rf6 Ne4 44. Rh6 d5 45. Kg1 Kd8 46. Re6
Kd7 47. f5 Ra1+ 48. Kh2 Rf1 49. Rxa6 d4 50. Re6 Nd6 51. Re5 Rxf5 52. Rxf5 Nxf5
53. Nf4 Kd6 54. Kg2 Ke5 55. Kf3 Nh4+ 56. Kg4 Ng6 57. Nxg6+ hxg6 0-1

[Event "III C.to Europeo seniores"]
[Site "Saint Vincent - Chatillon ITA"]
[Date "2003.09.19"]
[Round "3"]
[White "Shenaev, Vyatsheslav"]
[Black "Bakhmatov, Eduard"]
[Result "1/2-1/2"]
[WhiteElo "2221"]
[BlackElo "2311"]
[PlyCount "61"]
[EventDate "2003.09.17"]

1. d4 Nf6 2. c4 g6 3. Nc3 Bg7 4. e4 O-O 5. e5 Ne8 6. f4 d6 7. Nf3 c5 8. dxc5
Nc6 9. cxd6 exd6 10. Be2 Be6 11. O-O dxe5 12. Qxd8 Rxd8 13. fxe5 Nxe5 14. Nxe5
Bxe5 15. Bg5 f6 16. Be3 Nd6 17. Bxa7 Nxc4 18. Bxc4 Bxc4 19. Rad1 Bxc3 20. bxc3
Rxd1 21. Rxd1 Ra8 22. Bb6 Rxa2 23. Rd8+ Kf7 24. Rd7+ Ke6 25. Rxh7 Bd5 26. g3
Kf5 27. Bd4 g5 28. Rh6 Kg4 29. Rxf6 Rg2+ 30. Kf1 Rxh2 31. Bf2 1/2-1/2

[Event "III C.to Europeo seniores"]
[Site "Saint Vincent - Chatillon ITA"]
[Date "2003.09.19"]
[Round "3"]
[White "Stepak, Yedael"]
[Black "Bukal, Vladimir sr"]
[Result "1-0"]
[WhiteElo "2268"]
[BlackElo "2408"]
[PlyCount "87"]
[EventDate "2003.09.17"]

1. d4 d5 2. Nf3 Nf6 3. c4 c6 4. e3 a6 5. Nc3 b5 6. b3 Bg4 7. Be2 e6 8. O-O Be7
9. Ne5 Bxe2 10. Qxe2 O-O 11. Bb2 Nfd7 12. Nxd7 Nxd7 13. Rfd1 bxc4 14. bxc4 Nb6
15. c5 Nc4 16. Rab1 Qa5 17. Ba1 Rab8 18. Rb3 Rb4 19. Rxb4 Qxb4 20. Rb1 Qa5 21.
Rb7 Bf6 22. Ne4 Bd8 23. Nd6 Na3 24. g3 Nb5 25. Kg2 Qa4 26. Rb8 Bc7 27. Rxf8+
Kxf8 28. Nc8 Ke8 29. Nb6 Bxb6 30. cxb6 Nd6 31. Bc3 Qb5 32. Qg4 g6 33. Qf4 Kd7
34. a3 Qxb6 35. Bb4 Qc7 36. Bxd6 Qxd6 37. Qxf7+ Qe7 38. Qg8 Kc7 39. Qa8 Kb6 40.
Qb8+ Ka5 41. h4 Ka4 42. Qb6 a5 43. Qxc6+ Kxa3 44. Qc5+ 1-0

[Event "III C.to Europeo seniores"]
[Site "Saint Vincent - Chatillon ITA"]
[Date "2003.09.19"]
[Round "3"]
[White "Van den Berg, Adrianus M.J."]
[Black "Margolit, Remir B."]
[Result "1/2-1/2"]
[WhiteElo "2248"]
[BlackElo "2365"]
[PlyCount "68"]
[EventDate "2003.09.17"]

1. e4 c6 2. d4 d5 3. exd5 cxd5 4. Bd3 g6 5. Nf3 Bg7 6. O-O Nc6 7. c3 Nh6 8. Re1
O-O 9. h3 f6 10. c4 Nf7 11. Nc3 dxc4 12. Bxc4 Kh8 13. Bxf7 Rxf7 14. d5 Ne5 15.
Bf4 Nxf3+ 16. Qxf3 Qb6 17. Qe2 Bd7 18. Rad1 Re8 19. Be3 Qa5 20. Qc4 Rc8 21. Qb3
b6 22. Bd4 Qa6 23. d6 e6 24. Rxe6 Bxe6 25. Qxe6 Qb7 26. Bxb6 Qd7 27. Qxd7 Rxd7
28. Bc7 Bf8 29. Rd5 Kg7 30. Ne4 Kf7 31. Nc5 Rdxc7 32. dxc7 Rxc7 33. b4 Bxc5 34.
bxc5 Ke7 1/2-1/2

[Event "III C.to Europeo seniores"]
[Site "Saint Vincent - Chatillon ITA"]
[Date "2003.09.19"]
[Round "3"]
[White "Zhelesny, Stanislav"]
[Black "Reer, Erdmann"]
[Result "1/2-1/2"]
[WhiteElo "2320"]
[BlackElo "2161"]
[PlyCount "40"]
[EventDate "2003.09.17"]

1. Nf3 d5 2. d4 Nf6 3. c4 c6 4. e3 e6 5. Be2 Bd6 6. O-O O-O 7. Nc3 Nbd7 8. Qc2
Re8 9. Rd1 h6 10. b3 b6 11. Bb2 Bb7 12. e4 dxe4 13. Nd2 Qc7 14. h3 e5 15. Ndxe4
exd4 16. Rxd4 Be5 17. Nxf6+ Nxf6 18. Rd3 c5 19. Bf3 Bxf3 20. Rxf3 Rad8 1/2-1/2

[Event "III C.to Europeo seniores"]
[Site "Saint Vincent - Chatillon ITA"]
[Date "2003.09.20"]
[Round "4"]
[White "Bakhmatov, Eduard"]
[Black "Etmans, Maarten D."]
[Result "1/2-1/2"]
[WhiteElo "2311"]
[BlackElo "2221"]
[PlyCount "121"]
[EventDate "2003.09.17"]

1. e4 Nf6 2. Nc3 d5 3. e5 Ne4 4. Qf3 Nxc3 5. dxc3 g6 6. Bf4 c6 7. O-O-O Qa5 8.
a3 Be6 9. Qg3 Bg7 10. Nf3 Nd7 11. Nd4 Nc5 12. h4 h5 13. Bd3 O-O-O 14. Kb1 Bh6
15. Bxh6 Rxh6 16. Qg5 Rhh8 17. Qxe7 Rhe8 18. Qg5 Qc7 19. Rhe1 Re7 20. Re3 Rde8
21. Rde1 Kb8 22. f4 Bg4 23. f5 Nxd3 24. cxd3 gxf5 25. Nxf5 Bxf5 26. Qxf5 Qd7
27. Qxd7 Rxd7 28. d4 Rg8 29. g3 Rg7 30. Rf1 Rd8 31. Rf5 Rdg8 32. Rxh5 Rxg3 33.
Rxg3 Rxg3 34. Rf5 Rh3 35. Rxf7 Rxh4 36. e6 Re4 37. Re7 a5 38. a4 Ka7 39. Kc2
Kb6 40. Kd2 Ka7 41. Kd3 Re1 42. b3 Kb6 43. c4 Re4 44. Re8 Kc7 45. e7 Re1 46.
cxd5 cxd5 47. Rd8 Rxe7 48. Rxd5 b6 49. Re5 Rh7 50. Kc4 Rh3 51. Rg5 Rf3 52. Rg7+
Kd6 53. Rg5 Rh3 54. Rg1 Rf3 55. Rg4 Rh3 56. Re4 Rg3 57. d5 Rh3 58. Re6+ Kc7 59.
Re7+ Kd6 60. Re6+ Kc7 61. Re4 1/2-1/2

[Event "III C.to Europeo seniores"]
[Site "Saint Vincent - Chatillon ITA"]
[Date "2003.09.20"]
[Round "4"]
[White "Bukal, Vladimir sr"]
[Black "Blaushtain, Boris"]
[Result "1/2-1/2"]
[WhiteElo "2408"]
[BlackElo "2120"]
[PlyCount "80"]
[EventDate "2003.09.17"]

1. c4 Nf6 2. Nc3 e6 3. d4 d5 4. cxd5 exd5 5. Bg5 c6 6. e3 Bd6 7. Bd3 O-O 8.
Nge2 Nbd7 9. h3 Re8 10. Qc2 h6 11. Bh4 a5 12. O-O Nf8 13. Rab1 Bd7 14. Na4 Ne6
15. f4 b5 16. Bxf6 gxf6 17. Nac3 Ng7 18. Rf3 f5 19. a4 b4 20. Nd1 Rc8 21. Qd2
Kh8 22. b3 Rg8 23. Ng3 Qf6 24. Rc1 Qg6 25. Kh2 h5 26. Qf2 Be7 27. Ne2 Qh6 28.
Ng1 h4 29. Qe1 Nh5 30. Rf2 Ng3 31. Nf3 f6 32. Ba6 Rb8 33. Nb2 Ne4 34. Rfc2 Rg3
35. Bf1 Bd6 36. Nd3 Rbg8 37. Rb2 Qh5 38. Nf2 Ng5 39. Ng1 Ne4 40. Nf3 Ng5
1/2-1/2

[Event "III C.to Europeo seniores"]
[Site "Saint Vincent - Chatillon ITA"]
[Date "2003.09.20"]
[Round "4"]
[White "Chernikov, Oleg L."]
[Black "Gruzmann, Boris"]
[Result "1/2-1/2"]
[WhiteElo "2455"]
[BlackElo "2316"]
[PlyCount "82"]
[EventDate "2003.09.17"]

1. d4 Nf6 2. Nf3 g6 3. g3 Bg7 4. Bg2 O-O 5. O-O d6 6. c4 Nc6 7. Nc3 Bf5 8. b3
Ne4 9. Bb2 Nxc3 10. Bxc3 e5 11. e3 Qc8 12. Qd2 Bh3 13. dxe5 dxe5 14. Qb2 Bxg2
15. Kxg2 Qf5 16. e4 Qxe4 17. Rfe1 Qf5 18. Nxe5 Bxe5 19. Bxe5 Nxe5 20. Qxe5 Qxe5
21. Rxe5 Rfe8 22. Rxe8+ Rxe8 23. Rd1 Re7 24. Kf3 Kg7 25. g4 g5 26. b4 Kg6 27.
Rd5 h5 28. h3 hxg4+ 29. hxg4 f6 30. Ra5 a6 31. b5 axb5 32. Rxb5 c6 33. Rb4 f5
34. c5 Re5 35. Rxb7 Rxc5 36. gxf5+ Kxf5 37. a4 Rc3+ 38. Ke2 Rc4 39. a5 Ra4 40.
Rc7 Rxa5 41. Rxc6 Ra2+ 1/2-1/2

[Event "III C.to Europeo seniores"]
[Site "Saint Vincent - Chatillon ITA"]
[Date "2003.09.20"]
[Round "4"]
[White "Fischer, Johann"]
[Black "Taimanov, Mark E."]
[Result "1/2-1/2"]
[WhiteElo "2227"]
[BlackElo "2407"]
[PlyCount "145"]
[EventDate "2003.09.17"]

1. c4 Nf6 2. Nc3 e6 3. e4 d5 4. e5 d4 5. exf6 dxc3 6. bxc3 Qxf6 7. d4 c5 8. Nf3
cxd4 9. cxd4 Bb4+ 10. Bd2 Bxd2+ 11. Qxd2 b6 12. Be2 Bb7 13. O-O O-O 14. Rfd1
Rd8 15. Rac1 Nc6 16. Qe3 Ne7 17. g4 Ng6 18. Ne5 Nxe5 19. dxe5 Qe7 20. Bf3 Bxf3
21. Qxf3 h5 22. gxh5 Qg5+ 23. Qg3 Qxh5 24. Rd6 Qe2 25. Rc3 Qe1+ 26. Kg2 Qe4+
27. Kh3 Rdc8 28. Rd7 Rc5 29. f4 Rxc4 30. Rxc4 Qxc4 31. Qg5 Qf1+ 32. Kh4 Qf2+
33. Kh3 Qf3+ 34. Qg3 Qf1+ 35. Qg2 Qxg2+ 36. Kxg2 a5 37. Rb7 Rc8 38. Rxb6 Rc2+
39. Kg3 Kh7 40. Rb7 Kg6 41. h4 Rxa2 42. h5+ Kxh5 43. Rxf7 Ra3+ 44. Kg2 Kg4 45.
f5 Ra2+ 46. Kg1 exf5 47. Rxg7+ Kf3 48. Ra7 f4 49. e6 Ra1+ 50. Kh2 Kf2 51. e7
Re1 52. Rxa5 Rxe7 53. Ra2+ Re2 54. Ra3 f3 55. Kh3 Rd2 56. Ra8 Ke2 57. Ra1 Ke3
58. Ra3+ Kf2 59. Ra8 Re2 60. Ra1 Rb2 61. Rc1 Rb6 62. Rc2+ Ke3 63. Rc3+ Ke2 64.
Rc2+ Kd3 65. Ra2 Rg6 66. Ra1 f2 67. Ra3+ Ke4 68. Ra4+ Ke5 69. Ra5+ Ke6 70. Ra6+
Kd7 71. Ra7+ Ke6 72. Ra6+ Kd5 73. Ra5+ 1/2-1/2

[Event "III C.to Europeo seniores"]
[Site "Saint Vincent - Chatillon ITA"]
[Date "2003.09.20"]
[Round "4"]
[White "Hecht, Hans-Joachim"]
[Black "Littlewood, John Eric"]
[Result "1/2-1/2"]
[WhiteElo "2404"]
[BlackElo "2311"]
[PlyCount "24"]
[EventDate "2003.09.17"]

1. Nf3 Nf6 2. c4 Nc6 3. d4 e6 4. Nc3 Bb4 5. Qc2 d6 6. Bd2 O-O 7. a3 Bxc3 8.
Bxc3 Qe7 9. e3 e5 10. Be2 Bg4 11. dxe5 dxe5 12. O-O Rfe8 1/2-1/2

[Event "III C.to Europeo seniores"]
[Site "Saint Vincent - Chatillon ITA"]
[Date "2003.09.20"]
[Round "4"]
[White "Jakobsen, Ole"]
[Black "Ofstad, Per"]
[Result "1-0"]
[WhiteElo "2381"]
[BlackElo "2221"]
[PlyCount "51"]
[EventDate "2003.09.17"]

1. d4 d5 2. Nf3 Nf6 3. c4 c6 4. e3 e6 5. Nbd2 Nbd7 6. Bd3 Be7 7. O-O O-O 8. e4
dxe4 9. Nxe4 Nxe4 10. Bxe4 Nf6 11. Bc2 b6 12. Qe2 Bb7 13. Rd1 Qc7 14. Ne5 Rad8
15. Bf4 Qc8 16. Ng4 Nxg4 17. Qxg4 f5 18. Qe2 Bf6 19. Be5 c5 20. Bxf6 Rxf6 21.
dxc5 Rg6 22. f3 Qxc5+ 23. Kh1 Rxd1+ 24. Rxd1 Qc7 25. Bxf5 Rh6 26. Bxe6+ 1-0

[Event "III C.to Europeo seniores"]
[Site "Saint Vincent - Chatillon ITA"]
[Date "2003.09.20"]
[Round "4"]
[White "Lein, Marina"]
[Black "Orev, Petar"]
[Result "0-1"]
[WhiteElo "2052"]
[BlackElo "2242"]
[PlyCount "90"]
[EventDate "2003.09.17"]

1. c4 c5 2. Nc3 Nc6 3. Nf3 g6 4. g3 Bg7 5. Bg2 Nh6 6. d3 Nf5 7. Bd2 a6 8. Rb1
O-O 9. O-O b5 10. cxb5 axb5 11. Nxb5 Rxa2 12. Qb3 Ra6 13. Nc3 d6 14. Qd1 Rb6
15. Nd5 Rxb2 16. Rxb2 Bxb2 17. e4 Nfd4 18. Bh6 Nxf3+ 19. Bxf3 Bg7 20. Bxg7 Kxg7
21. Qa1+ Nd4 22. Bg2 Bb7 23. Ne3 Qa8 24. Qb2 Bc6 25. Rb1 Qa4 26. Bf1 Ra8 27.
Nc4 Qc2 28. Qxc2 Nxc2 29. Rb2 Nd4 30. f4 f5 31. Bg2 Ra1+ 32. Kf2 Bb5 33. e5
Bxc4 34. dxc4 dxe5 35. fxe5 Rc1 36. Bf1 Rc2+ 37. Rxc2 Nxc2 38. Kf3 g5 39. h4
Nd4+ 40. Ke3 h6 41. Bg2 Kg6 42. Bd5 Kh5 43. hxg5 hxg5 44. Bf7+ Kg4 45. Kf2 Nc6
0-1

[Event "III C.to Europeo seniores"]
[Site "Saint Vincent - Chatillon ITA"]
[Date "2003.09.20"]
[Round "4"]
[White "Margolit, Remir B."]
[Black "Ljubarskij, Juri"]
[Result "1/2-1/2"]
[WhiteElo "2365"]
[BlackElo "2307"]
[PlyCount "36"]
[EventDate "2003.09.17"]

1. c4 e5 2. Nc3 Nc6 3. g3 g6 4. Bg2 Bg7 5. d3 d6 6. e3 Nge7 7. Nge2 Be6 8. Nd5
O-O 9. O-O Qd7 10. Rb1 Nd8 11. b4 c6 12. Nxe7+ Qxe7 13. b5 Qd7 14. bxc6 bxc6
15. Ba3 Re8 16. Qa4 d5 17. Rfd1 Bg4 18. Re1 Be6 1/2-1/2

[Event "III C.to Europeo seniores"]
[Site "Saint Vincent - Chatillon ITA"]
[Date "2003.09.20"]
[Round "4"]
[White "Murey, Jacob I."]
[Black "Khanukov, Boris"]
[Result "1-0"]
[WhiteElo "2459"]
[BlackElo "2330"]
[PlyCount "75"]
[EventDate "2003.09.17"]

1. b3 e5 2. Bb2 Nc6 3. e3 d6 4. Ne2 Nf6 5. d4 Be7 6. dxe5 dxe5 7. Qxd8+ Bxd8 8.
Nbc3 O-O 9. h3 Be6 10. O-O-O Ne7 11. Ng3 c6 12. Nce4 Nxe4 13. Nxe4 Ng6 14. Nc5
Bc8 15. Nd7 Re8 16. Nxe5 Nxe5 17. Bxe5 Bh4 18. f4 Bf2 19. Kd2 Bf5 20. Bd3 Rad8
21. Ke2 Bxd3+ 22. Rxd3 Rxd3 23. cxd3 Bxe3 24. Kxe3 f6 25. d4 fxe5 26. dxe5 Rd8
27. Rc1 Rd5 28. Rc4 Kf8 29. Rd4 Rb5 30. Rd7 Rb4 31. g4 a5 32. e6 h6 33. f5 b5
34. Rd8+ Ke7 35. Rg8 a4 36. Rxg7+ Kf6 37. Rf7+ Ke5 38. e7 1-0

[Event "III C.to Europeo seniores"]
[Site "Saint Vincent - Chatillon ITA"]
[Date "2003.09.20"]
[Round "4"]
[White "Zunker, Reinhard"]
[Black "Blagonadezhnaya, Ideya"]
[Result "1-0"]
[WhiteElo "2199"]
[BlackElo "2059"]
[PlyCount "69"]
[EventDate "2003.09.17"]

1. e4 c5 2. Nf3 Nc6 3. d4 cxd4 4. Nxd4 Nf6 5. Nc3 d6 6. f3 g6 7. Be3 Bg7 8. Qd2
O-O 9. Bc4 a6 10. g4 Na5 11. Bb3 b5 12. h4 h5 13. gxh5 Nxh5 14. O-O-O Nc4 15.
Bxc4 bxc4 16. Nc6 Qd7 17. Nd5 Re8 18. Nd4 Rb8 19. Rhg1 Qb7 20. b3 cxb3 21. cxb3
Bd7 22. Kb1 e6 23. Nc3 a5 24. Rg5 Kh7 25. Rxa5 Rec8 26. Nce2 d5 27. Nc2 Bc6 28.
Ra7 Qb5 29. Ned4 Qb6 30. Nxe6 Qxb3+ 31. axb3 Rxb3+ 32. Ka2 Rb2+ 33. Ka3 Rcb8
34. Ncd4 Rxd2 35. Rxd2 1-0

[Event "III C.to Europeo seniores"]
[Site "Saint Vincent - Chatillon ITA"]
[Date "2003.09.21"]
[Round "5"]
[White "Dimitrov, Encho"]
[Black "Bukal, Vladimir sr"]
[Result "0-1"]
[WhiteElo "2098"]
[BlackElo "2408"]
[PlyCount "90"]
[EventDate "2003.09.17"]

1. Nf3 d5 2. d4 Nf6 3. c3 Qd6 4. Bg5 Ne4 5. Bh4 Qh6 6. Bg3 Nxg3 7. fxg3 Nd7 8.
Qd2 Qb6 9. e3 g6 10. Bd3 Bh6 11. O-O c5 12. b3 O-O 13. Qe2 f5 14. c4 cxd4 15.
exd4 e5 16. c5 Nxc5 17. Nxe5 Nxb3 18. axb3 Qxd4+ 19. Kh1 Qxa1 20. Nd2 Qb2 21.
Nef3 Bd7 22. h3 Rfe8 23. Qd1 Rac8 24. Kh2 Rc3 25. Bb1 Bb5 26. Nc4 dxc4 27. Qd5+
Kh8 28. Qxb5 Rce3 29. Qxc4 Rxb3 30. Qf7 Rbe3 31. Qd5 Re2 32. Nh4 Bg5 33. Nxf5
Rd2 34. Qf3 gxf5 35. Bxf5 Re3 36. Bg4 Rxf3 37. Bxf3 b5 38. h4 Bf6 39. Kh3 b4
40. g4 Qe5 41. Rc1 Kg7 42. Rc4 b3 43. Re4 Qa1 44. g5 Be5 45. Kg4 Rd4 0-1

[Event "III C.to Europeo seniores"]
[Site "Saint Vincent - Chatillon ITA"]
[Date "2003.09.21"]
[Round "5"]
[White "Etmans, Maarten D."]
[Black "Kraidman, Yair"]
[Result "0-1"]
[WhiteElo "2221"]
[BlackElo "2319"]
[PlyCount "60"]
[EventDate "2003.09.17"]

1. e4 c5 2. Nf3 g6 3. Bc4 Bg7 4. O-O Nc6 5. c3 e6 6. d4 cxd4 7. cxd4 d5 8. exd5
exd5 9. Bb5 Nge7 10. h3 O-O 11. Nc3 Be6 12. Bf4 Qb6 13. Bxc6 Nxc6 14. Na4 Qb5
15. Rc1 b6 16. b3 Rac8 17. Qd2 Qb4 18. Rcd1 Rfe8 19. Rfe1 Qxd2 20. Rxd2 Bf8 21.
Rde2 Nb4 22. Ne5 Nc2 23. Rd1 Bf5 24. g4 Be4 25. Nd7 Bg7 26. Red2 Bf3 27. Rc1
Nxd4 28. Rxc8 Rxc8 29. Ne5 Bxe5 30. Bxe5 Ne2+ 0-1